00284 2200121 4500245006000000250001100060100001500071650001600086005001900102260001800121041001400139336000900153 aLAPORAN KARYA SISWAb : BURUNG HANTUcANDIKA R.AhText aCet. 1 aANDIKA R.A aKarya Siswa a20240829115057 aJakartac2024 aIndonesia atext